00817pam a2200217 a 4500999001500000001000300015003000900018005001700027008004100044020001500085040002800100082001900128245016100147260004300308300004500351650003200396650002600428700001600454942001200470952011700482 c4492d449251BD-DhUAP20201111145951.0201111s1995 nyua b 001 0 eng  a9810218117 aDLCcDLCdBD-DhUAPbEng00a539.72 INT223 aInternational conference on non-accelerator particle Physics :bIndian institute of astrophysics, Bangalore, India, 2-9 January 1994 /cedited by R. Cowsik. aSingapore :bWorld scientific,cc1995. axv, 570 pages :billustrations ;c23 cm. aParticles (Nuclear physics) aNuclear astrophysics. aCowsik, R.  2ddccBK 00102ddc4070aUAPCLbUAPCLcGeneral Stacksd2020-11-11o539.72 INTp3010000497r2020-11-11t1w2020-11-11yBK